Successful Business Planning : (Record no. 596393)

MARC details
000 -LEADER
fixed length control field 00404nam a2200169 a 4500
001 - CONTROL NUMBER
control field 1762492939783
003 - CONTROL NUMBER IDENTIFIER
control field ACL
005 - DATE AND TIME OF LATEST TRANSACTION
control field 20251107105649.0
008 - FIXED-LENGTH DATA ELEMENTS--GENERAL INFORMATION
fixed length control field 251107s2005##################000#0#eng##
020 ## - INTERNATIONAL STANDARD BOOK NUMBER
International Standard Book Number 9788176499484
082 04 - DEWEY DECIMAL CLASSIFICATION NUMBER
Classification number 658.4012
Item number PAL
040 ## - CATALOGING SOURCE
Original cataloging agency ACL
Language of cataloging eng
Transcribing agency ACL
100 1# - MAIN ENTRY--PERSONAL NAME
Personal name Paley, Norton,
Relator term author.
245 10 - TITLE STATEMENT
Title Successful Business Planning :
260 ## - PUBLICATION, DISTRIBUTION, ETC.
Date of publication, distribution, etc. 2005.
942 ## - ADDED ENTRY ELEMENTS (KOHA)
Koha item type English Books
Holdings
Withdrawn status Lost status Damaged status Not for loan Home library Current library Shelving location Date acquired Total Checkouts Full call number Barcode Date due Date last seen Date last checked out Price effective from Koha item type
        Anna Centenary Library Anna Centenary Library 6TH FLOOR, A WING 07.11.2025 2 658.4012 PAL 311386 21.05.2026 21.04.2026 21.04.2026 07.11.2025 English Books

Find us on the map